[Event "1st WinTV Open"]
[Site "Chennai IND"]
[Date "2004.01.28"]
[Round "9"]
[White "Sangma,R"]
[Black "Hamid,R"]
[Result "1/2-1/2"]
[WhiteElo "2256"]
[BlackElo "2101"]

1.e4 c5 2.Nf3 Nc6 3.d4 cxd4 4.Nxd4 Qc7 5.Nc3 e6 6.Be2 a6 7.O-O Nf6 8.Be3 Be7
9.f4 d6 10.Kh1 O-O 11.Qe1 e5 12.Nf5 Bxf5 13.exf5 exf4 14.Bxf4 Ne5 15.Qg3 Kh8
16.Rad1 b5 17.a3 Rac8 18.Rd2 Nc4 19.Bxc4 Qxc4 20.Qd3 Rfd8 21.Re2 Rd7 22.Qf3 d5
23.Rfe1 Ng8 24.Nd1 Bf6 25.Bc1 Bd4 26.Be3 Nf6 27.Qf4 Bxe3 28.Qxe3 h6 29.Nf2 d4
30.Qf3 Qd5 31.Qd3 Rc5 32.Re5 Qxe5 33.Rxe5 Rxe5 34.h3 Re3 35.Qd1 Rd5 36.Kh2 Kg8
37.Ng4 Nxg4+ 38.Qxg4 Kh7 39.h4 Ree5 40.f6 gxf6 41.Qc8 Re6 42.Qb7 Rdd6 43.Qxf7+ Kh8
44.Qf8+ Kh7 45.g4 Re2+ 46.Kg3 Rde6 47.Qf7+ Kh8 48.Qf8+ Kh7 49.Qf7+ Kh8 50.Qf8+ Kh7  1/2-1/2

[Event "2nd Breizh Masters B"]
[Site "Guingamp FRA"]
[Date "2004.02.13"]
[Round "1"]
[White "Vandevoort,P"]
[Black "Mullon,J"]
[Result "0-1"]
[WhiteElo "2379"]
[BlackElo "2325"]

1.e4 c5 2.Nf3 Nc6 3.d4 cxd4 4.Nxd4 Qb6 5.Nb3 Nf6 6.Nc3 e6 7.a3 Be7 8.Bf4 e5
9.Be3 Qd8 10.f3 d6 11.Qd2 Be6 12.Nd5 Bxd5 13.exd5 Nb8 14.Be2 O-O 15.O-O Nbd7
16.Na5 Qb8 17.f4 Bd8 18.fxe5 Nxe5 19.c4 Ne4 20.Qe1 Re8 21.Nb3 Ng6 22.Bd3 Bh4
23.Qe2 Qc7 24.Qc2 Nc5 25.Bxg6 hxg6 26.Rf3 Nxb3 27.Qxb3 Bf6 28.Rc1 Re4 29.Rc2 Qe7
30.Qd3 b6 31.b4 Re8 32.Bf2 Qe5 33.Bg3 Qg5 34.h3 Re3 35.Qf1 Rxf3 36.Qxf3 Re3
37.Bf4 Rxf3 38.Bxg5 Bd4+ 39.Kh2 Be5+ 40.Kg1 Rxa3  0-1

[Event "AS04 Centenary"]
[Site "Copenhagen DEN"]
[Date "2004.02.14"]
[Round "8"]
[White "Ernst,T"]
[Black "Mortensen,E"]
[Result "1/2-1/2"]
[WhiteElo "2447"]
[BlackElo "2450"]

1.e4 c5 2.Nf3 Nc6 3.d4 cxd4 4.Nxd4 Qc7 5.Nb5 Qb8 6.Bd3 b6 7.Be3 Bb7 8.N1c3 e6
9.Nd4 Nf6 10.Qf3 Bb4 11.O-O O-O 12.Nxc6 Bxc6 13.Bg5 Bxc3 14.bxc3 Qe5 15.Bxf6 Qxf6
16.Qxf6 gxf6 17.c4 Rfc8 18.Rfb1 Kf8 19.Kf1 Rab8 20.Rb3 Ke7 21.Ke2 Kd6 22.Ke3 h5
23.h4 f5 24.exf5 Bxg2 25.Rg1 Bc6 26.Rg5 Rg8 27.Rxh5 Rh8 28.Be2 Rxh5 29.Bxh5 Rh8
30.Bxf7 Rxh4 31.fxe6 dxe6 32.Bg6 Rxc4 33.Ra3 Ra4 34.Rxa4 Bxa4 35.f4 e5 36.fxe5+  1/2-1/2

[Event "2nd Breizh Masters B"]
[Site "Guingamp FRA"]
[Date "2004.02.17"]
[Round "5"]
[White "Mullon,J"]
[Black "Parmentier,X"]
[Result "0-1"]
[WhiteElo "2325"]
[BlackElo "2335"]

1.e4 c5 2.Nf3 Nc6 3.d4 cxd4 4.Nxd4 Qc7 5.Be2 e6 6.O-O Nf6 7.Nc3 a6 8.Be3 Be7
9.f4 d6 10.Kh1 O-O 11.a4 Re8 12.Nb3 b6 13.Bf3 Bb7 14.g4 Bf8 15.g5 Nd7 16.Bg2 Nb4
17.Bg1 g6 18.a5 Rab8 19.Nd4 bxa5 20.Rf3 Bg7 21.Rh3 e5 22.Nde2 exf4 23.Nxf4 Nc5
24.Nh5 gxh5 25.Qxh5 Re5 26.Qxh7+ Kf8 27.g6 Nd7 28.Rf3 Nf6 29.Qh4 Rh5 30.Qf2 Qe7
31.Rf1 Bc8 32.Nd5 Nbxd5 33.exd5 fxg6 34.c4 Rf5 35.Qd2 Rxf3 36.Bxf3 Bf5 37.c5 Ne4
38.Qxa5 Nxc5 39.b4 Nd3 40.Qxa6 Nxb4 41.Qa5 Kg8 42.Bb6 Nd3  0-1

[Event "X Open"]
[Site "Coria del Rio ESP"]
[Date "2004.02.18"]
[Round "8"]
[White "Campora,D"]
[Black "Razmyslov,A"]
[Result "1-0"]
[WhiteElo "2503"]
[BlackElo "2337"]

1.e4 c5 2.Nf3 Nc6 3.d4 cxd4 4.Nxd4 Qc7 5.Nc3 e6 6.g3 a6 7.Bg2 d6 8.O-O Bd7
9.a4 Na5 10.f4 Be7 11.Re1 O-O-O 12.Re3 Kb8 13.Rd3 Bf6 14.Nde2 Bc8 15.b3 Ne7
16.Ba3 g5 17.fxg5 Be5 18.Qd2 b6 19.Rd1 Nb7 20.Rf3 Nc6 21.Kh1 h6 22.gxh6 Rh7
23.Rdf1 Rg8 24.Nf4 Ncd8 25.Bc1 Nc5 26.Nd3 Bxc3 27.Qxc3 Nxe4 28.Qxc7+ Kxc7
29.Rf4 f5 30.Bxe4 fxe4 31.Ne1 Kd7 32.Kg1 Bb7 33.Be3 b5 34.axb5 axb5 35.c4 bxc4
36.bxc4 Ba6 37.Rxe4 d5 38.Rh4 Bxc4 39.Rf2 e5 40.Rb2 Rf8 41.Rf2 Rxf2 42.Kxf2 Nf7
43.Nf3 Ke6 44.g4 d4 45.Bd2 Bd3 46.Rh3 Kd5 47.g5 e4 48.Nxd4 Nxg5 49.Bxg5 Kxd4
50.Bf6+ Kd5 51.Ke3 Ke6 52.Bg7 Kf5 53.Rg3 Bb1 54.h4 Ba2 55.Rg5+ Ke6 56.Kf4 e3
57.Re5+ Kf7 58.Rxe3 Rxg7 59.hxg7 Kxg7 60.Kg5 Kh8 61.Kh6 Bg8 62.Re7 Bc4 63.Rh7+ Kg8
64.Rc7 Bd5 65.Rc8+ Kf7 66.Rc5 Be4 67.Rg5 Bd3 68.Rg7+ Kf6 69.Rg3 Be4 70.Rg4  1-0

[Event "2nd Breizh Masters B"]
[Site "Guingamp FRA"]
[Date "2004.02.19"]
[Round "7"]
[White "Berthelot,Y"]
[Black "Parmentier,X"]
[Result "0-1"]
[WhiteElo "2327"]
[BlackElo "2335"]

1.e4 c5 2.Nf3 Nc6 3.d4 cxd4 4.Nxd4 Qc7 5.Nb5 Qb8 6.c4 Nf6 7.N5c3 b6 8.f4 e5
9.f5 Bb7 10.Bg5 Nd4 11.Bxf6 gxf6 12.Bd3 Bc5 13.Nd2 Ke7 14.a3 a5 15.Nf1 Qg8
16.Ne3 Kf8 17.Bf1 Qg5 18.Nc2 Rg8 19.Qd3 Qh4+ 20.g3 Rxg3 21.hxg3 Qxh1 22.O-O-O Bc6
23.Be2 Qg2 24.Nxd4 Bxd4 25.Bf3 Qxg3 26.Ne2 Qg5+ 27.Kb1 Bc5 28.Rh1 h6 29.Rh5 Qe3
30.Qxe3 Bxe3 31.Kc2 b5 32.cxb5 Bxb5 33.Nc3 Rc8 34.Rh1 Ke7 35.Kb3 Bc4+ 36.Ka4 Rb8
37.Be2 Bxe2 38.Nd5+ Kf8 39.Nxe3 Rxb2 40.Rxh6 Bd3 41.Rxf6 Re2 42.Nd5 Bxe4
43.Nc3 Bc2+ 44.Kxa5 Rf2 45.a4 Bxf5 46.Kb4 Kg7 47.Nd5 Rb2+ 48.Kc3 Rc2+ 49.Kb3 Rc5
50.Rxf5 Rxd5 51.Kc4 Rd4+ 52.Kb5 f6 53.a5 Rd1 54.Rf2 Rb1+ 55.Kc5 Ra1  0-1

[Event "48th ch-BLR w"]
[Site "Minsk BLR"]
[Date "2004.02.21"]
[Round "2"]
[White "Zagorskaya,T"]
[Black "Eidelson,R"]
[Result "0-1"]
[WhiteElo "2199"]
[BlackElo "2279"]

1.e4 c5 2.Nf3 Nc6 3.d4 cxd4 4.Nxd4 Qb6 5.Nb3 Nf6 6.Nc3 d6 7.Be2 e6 8.g4 a6
9.g5 Nd7 10.f4 h6 11.g6 fxg6 12.h4 Be7 13.h5 g5 14.Bc4 gxf4 15.Bxf4 Nde5
16.Be2 O-O 17.Qd2 Bh4+ 18.Kd1 Rxf4 19.Qxf4 Bg5 20.Qg3 Bd7 21.Rf1 Na5 22.Nxa5 Qxa5
23.Qf2 Rc8 24.Qd4 Qc7 25.a4 Be8 26.Rh1 Bf6 27.Qf2 Nc4 28.Bxc4 Qxc4 29.Ra3 b5
30.axb5 axb5 31.Rb3 b4 32.Na2 Qxe4 33.Rh2 Qg4+ 34.Kc1 Bg5+ 35.Kb1 Qd1+  0-1

[Event "5th Montenegro Open"]
[Site "Sozina SCG"]
[Date "2004.02.21"]
[Round "4"]
[White "Bojkovic,N"]
[Black "Nanu,C"]
[Result "1/2-1/2"]
[WhiteElo "2391"]
[BlackElo "2486"]

1.e4 c5 2.Nf3 Nc6 3.d4 cxd4 4.Nxd4 Qc7 5.Nc3 e6 6.f4 a6 7.Nxc6 Qxc6 8.Bd3 b5
9.Qe2 Bc5 10.Bd2 b4 11.Nd5 Rb8 12.f5 Ne7 13.Nxe7 Bxe7  1/2-1/2

[Event "5th Montenegro Open"]
[Site "Sozina SCG"]
[Date "2004.02.21"]
[Round "4"]
[White "Stojanovic,Da"]
[Black "Brajovic,R"]
[Result "1-0"]
[WhiteElo "2440"]
[BlackElo "2296"]

1.e4 c5 2.Nf3 Nc6 3.d4 cxd4 4.Nxd4 Qc7 5.Nc3 e6 6.Ndb5 Qb8 7.Be3 Nf6 8.f4 a6
9.e5 axb5 10.exf6 gxf6 11.Nxb5 b6 12.c3 d5 13.Bd3 Bd7 14.Qe2 Na7 15.Nd4 Nc8
16.O-O Nd6 17.Bf2 h5 18.Bh4 Be7 19.Nf3 Ra4 20.b4 b5 21.f5 Nc4 22.fxe6 fxe6
23.Nd4 Qe5 24.Qf2 Qe3 25.Qxe3 Nxe3 26.Rfe1 Nc4 27.Bg6+ Kd8 28.Nxe6+ Bxe6
29.Rxe6 Ne5 30.Bf5 Rg8 31.Bxf6 Bxf6 32.Rxf6 Kc7 33.Re6 Nc6 34.Bd3 Rb8 35.Rf1 Ra3
36.Rf7+ Kb6 37.Rd6 Rd8 38.Rxd8 Nxd8 39.Rd7 Nb7 40.Rxd5 Rxc3 41.Rxb5+ Kc6
42.Bf1 Rc2 43.Rxh5  1-0

[Event "5th Montenegro Open"]
[Site "Sozina SCG"]
[Date "2004.02.22"]
[Round "5"]
[White "Pikula,D"]
[Black "Djukic,Ni"]
[Result "1/2-1/2"]
[WhiteElo "2532"]
[BlackElo "2448"]

1.e4 c5 2.Nf3 Nc6 3.d4 cxd4 4.Nxd4 Qc7 5.Nc3 e6 6.Be3 a6 7.Qd2 Nf6 8.O-O-O Bb4
9.f3 Na5 10.Nb3 d5 11.e5 Nd7 12.f4 Nc4 13.Bxc4 Qxc4 14.Bd4 a5 15.Qe3 b5 16.f5 Bxc3
17.bxc3 a4 18.Qg5 axb3 19.axb3 Qc6 20.Qxg7 Rf8 21.f6 Ra2 22.b4 Nb6 23.Bc5 Nd7
24.Bd4 Nb6 25.Bc5 Nd7  1/2-1/2

[Event "FSIM March"]
[Site "Budapest HUN"]
[Date "2004.03.09"]
[Round "4"]
[White "Gara,A"]
[Black "Zigangirova,S"]
[Result "0-1"]
[WhiteElo "2377"]
[BlackElo "2205"]

1.e4 c5 2.Nf3 Nc6 3.d4 cxd4 4.Nxd4 Qc7 5.Nc3 e6 6.Be3 a6 7.Qd2 Nf6 8.O-O-O Bb4
9.f3 Na5 10.Nb3 b5 11.Kb1 Bxc3 12.Qxc3 Qxc3 13.bxc3 Nc4 14.Bg5 d5 15.Bxc4 bxc4
16.Na5 Rb8+ 17.Ka1 Rb5 18.Nc6 Rc5 19.Bxf6 Rxc6 20.Bxg7 Rg8 21.Bf6 Rxg2 22.Kb2 Rb6+
23.Kc1 Bd7 24.Rhg1 Rg6 25.e5 Bc6 26.h4 d4 27.Rgf1 Bd5 28.Rxd4 Kd7 29.Rfd1 Kc6
30.Rf4 Rb7 31.h5 Rg3 32.Rf1 Kb5 33.h6 Ka4 34.Bd8 Rg2 35.Rg4 Rh2 36.Rh4 Re2
37.Rfh1 Ka3 38.R4h2 Rxe5 39.Rf1 Kxa2 40.Kd2 Bxf3 41.Bf6 Rd7+ 42.Kc1 Rb5  0-1

[Event "FSGM March"]
[Site "Budapest HUN"]
[Date "2004.03.11"]
[Round "6"]
[White "Mahesh Chandran,P"]
[Black "Paschall,W"]
[Result "1-0"]
[WhiteElo "2437"]
[BlackElo "2401"]

1.e4 c5 2.Nf3 Nc6 3.d4 cxd4 4.Nxd4 Qb6 5.Nb3 Nf6 6.Nc3 e6 7.Be3 Qc7 8.Bd3 Bb4
9.O-O Bxc3 10.bxc3 e5 11.f4 d6 12.f5 b6 13.Qf3 Bb7 14.a4 Nb8 15.Nd2 Nbd7
16.Qg3 d5 17.exd5 Bxd5 18.c4 Bb7 19.Rf2 O-O-O 20.a5 e4 21.Bf4 Qc6 22.Be2 Nc5
23.Be3 Qd6 24.Qxd6 Rxd6 25.Nb3 Nfd7 26.Bf4 e3 27.Bxe3 Re8 28.Bf4 Ne5 29.Bf1 Rdd8
30.Re2 Nc6 31.Rxe8 Rxe8 32.Nxc5 bxc5 33.Bd6 a6 34.Bxc5 Re5 35.Bf8 Rxf5 36.Bxg7 Nxa5
37.g3 Kc7 38.Bd3 Rh5 39.Rf1 Nc6 40.Rxf7+ Kb6 41.Bf8 Ne5 42.c5+ Ka7 43.Rxh7 Nf3+
44.Kf2 Rxh2+ 45.Rxh2 Nxh2 46.Be2 Bc8 47.Ke3 Ng4+ 48.Kf4 Nf6 49.g4 Nd5+ 50.Ke5 Ne3
51.g5 Ng4+ 52.Kf4  1-0

[Event "70th ch-BLR"]
[Site "Minsk BLR"]
[Date "2004.03.13"]
[Round "10"]
[White "Kolesnik,E"]
[Black "Gorovets,A"]
[Result "1/2-1/2"]
[WhiteElo "2406"]
[BlackElo "2393"]

1.e4 c5 2.Nf3 Nc6 3.d4 cxd4 4.Nxd4 Qb6 5.Nb3 Nf6 6.Nc3 e6 7.Be3 Qc7 8.a3 a6
9.Be2 b5 10.O-O Be7 11.f4 d6 12.Bf3  1/2-1/2

[Event "FSIM March"]
[Site "Budapest HUN"]
[Date "2004.03.14"]
[Round "9"]
[White "Cernousek,L"]
[Black "Gara,A"]
[Result "1/2-1/2"]
[WhiteElo "2375"]
[BlackElo "2377"]

1.e4 c5 2.Nf3 Nc6 3.d4 cxd4 4.Nxd4 Qc7 5.Nc3 e6 6.Be3 a6 7.Bd3 Nf6 8.O-O Ne5
9.Nf3 Bd6 10.Nxe5 Bxe5 11.f4 Bxc3 12.bxc3 Qxc3 13.Rb1 Nxe4 14.Rb3 Qc6 15.Rb6 Qc3
16.Rb3 Qc6 17.Rb6 Qc3 18.Rb3  1/2-1/2

[Event "TCh-CZE Extraliga 2003-4"]
[Site "Czech Rep CZE"]
[Date "2004.03.21"]
[Round "9"]
[White "Firt,S"]
[Black "Orsag,Mil1"]
[Result "1/2-1/2"]
[WhiteElo "2363"]
[BlackElo "2382"]

1.e4 c5 2.Nf3 Nc6 3.d4 cxd4 4.Nxd4 Qb6 5.Nb3 Nf6 6.Nc3 e6 7.g3 Bb4 8.Bg2 d5
9.exd5 Nxd5 10.O-O Nxc3 11.bxc3 Bxc3 12.Rb1 O-O 13.Be3 Qc7 14.Qe2 Bf6 15.Rfd1 e5
16.h4 b6 17.Be4 Bb7 18.Qg4 Nd4 19.Bxb7 Qxb7 20.Nxd4 exd4 21.Bxd4 Bxd4 22.Rxd4 Rad8
23.Rbd1  1/2-1/2

[Event "20th Spring Festival"]
[Site "Budapest HUN"]
[Date "2004.03.22"]
[Round "4"]
[White "Nagy,Ben"]
[Black "Berczes,C"]
[Result "1-0"]
[WhiteElo "2275"]
[BlackElo "2302"]

1.e4 c5 2.Nf3 Nc6 3.d4 cxd4 4.Nxd4 Qc7 5.Nc3 e6 6.g3 a6 7.Bg2 b5 8.O-O Bb7
9.Re1 Bc5 10.Nb3 Bb4 11.a3 Bxc3 12.bxc3 Ne5 13.a4 Ne7 14.axb5 axb5 15.Rxa8+ Bxa8
16.Nd4 Bc6 17.Ba3 Nc4 18.Bb4 d6 19.Qh5 g6 20.Qh6 e5 21.Nf3 Qb7 22.Ng5 f6
23.Qg7 fxg5 24.Qxh8+ Kd7 25.Qxh7 Qa8 26.Bh3+ Kd8 27.Qf7 Qa2 28.Bxd6 Nd5 29.Bc7+ Nxc7
30.Rd1+ Nd5 31.Rxd5+  1-0

[Event "TCh-BEL 2003-4"]
[Site "Belgium BEL"]
[Date "2004.03.23"]
[Round "11"]
[White "Romanelli,R"]
[Black "Goormachtigh,J"]
[Result "1/2-1/2"]
[WhiteElo "2036"]
[BlackElo "2266"]

1.e4 c5 2.Nf3 Nc6 3.d4 cxd4 4.Nxd4 Qb6 5.Nb3 Nf6 6.Nc3 e6 7.Bg5 Be7 8.Be2 Nxe4
9.Nxe4 Qb4+ 10.Nbd2 Bxg5 11.Nxg5 Qxb2 12.O-O O-O 13.Bd3 h6 14.Bh7+ Kh8 15.Qh5 Qf6
16.Nde4 Qe7 17.f4 f5 18.Bg8 g6 19.Qxh6+ Kxg8 20.Qxg6+ Qg7 21.Qxg7+ Kxg7 22.Nd6 b6
23.Rad1  1/2-1/2

[Event "Asian U18b"]
[Site "Tehran IRI"]
[Date "2004.04.04"]
[Round "2"]
[White "Ahmadinia,E"]
[Black "Mamasaliev,M"]
[Result "1-0"]
[WhiteElo "2149"]
[BlackElo "2287"]

1.e4 c5 2.Nf3 Nc6 3.d4 cxd4 4.Nxd4 Qc7 5.Nc3 e6 6.g3 a6 7.Bg2 Nf6 8.O-O Nxd4
9.Qxd4 Bc5 10.Bf4 d6 11.Qd2 h6 12.Na4 e5 13.Be3 Bxe3 14.Qxe3 Be6 15.c4 Nd7
16.b3 b5 17.cxb5 axb5 18.Nc3 Qb8 19.f4 f6 20.Rfd1 Nc5 21.Qe2 b4 22.Nb5 O-O
23.f5 Bf7 24.Rac1 Rd8 25.Kh1 Ra5 26.Bf1 Kh7 27.a3 Nxb3 28.Rc7 Be8 29.Qg4 Rd7
30.Rxd7 Bxd7 31.Qg6+ Kh8 32.Nxd6 Qa8 33.Bc4 Nd4 34.Nf7+ Kg8 35.Nxh6+ Kh8
36.Nf7+ Kg8 37.Ng5+  1-0

[Event "Asian U18b"]
[Site "Tehran IRI"]
[Date "2004.04.05"]
[Round "3"]
[White "Abhay,T"]
[Black "Akbarinia,S"]
[Result "1/2-1/2"]
[WhiteElo "2236"]
[BlackElo "2273"]

1.e4 c5 2.Nf3 Nc6 3.d4 cxd4 4.Nxd4 Qc7 5.Nc3 e6 6.Be2 a6 7.O-O Nf6 8.Be3 Bb4
9.Na4 O-O 10.Nxc6 bxc6 11.Nb6 Rb8 12.Nxc8 Qxc8 13.e5 Nd5 14.Ba7 Ra8 15.Bd4 c5
16.c4 Ne7 17.Be3 Nf5 18.Qd3 f6 19.Rfd1 Ra7 20.exf6 Rxf6 21.Bf3 h6 22.Be4 Nxe3
23.Qxe3 Ba5 24.g3 Bd8 25.Rd3 Rf8 26.f4 Bf6 27.Qe2 Qd8 28.Kh1 a5 29.Rf1 Bd4
30.f5 Rf6 31.fxe6 Rxf1+ 32.Qxf1 dxe6 33.Qe2  1/2-1/2

[Event "6th Foxwoods Open"]
[Site "Connecticut USA"]
[Date "2004.04.08"]
[Round "2"]
[White "Casella,M"]
[Black "Georgiev,Vl"]
[Result "0-1"]
[WhiteElo "2359"]
[BlackElo "2563"]

1.e4 c5 2.Nf3 Nc6 3.d4 cxd4 4.Nxd4 Qb6 5.Nb3 Nf6 6.Nc3 e6 7.Bd3 a6 8.Be3 Qc7
9.f4 d6 10.Qf3 Rb8 11.g4 b5 12.g5 Nd7 13.O-O-O g6 14.h4 Bg7 15.Ne2 Bb7 16.h5 Rc8
17.Kb1 Nce5 18.fxe5 Nxe5 19.h6 Nxf3 20.hxg7 Rg8 21.Rxh7 Ne5 22.Rc1 Ke7 23.Nc3 Nc4
24.Bxc4 bxc4 25.Nd2 Qa5 26.Re1 Ba8 27.Nf3 Rb8 28.Bd2 Qa3 29.b3 cxb3 30.axb3 Qc5
31.Na4 Qf2 32.Re3 Bxe4 33.Rxe4 Qxf3 34.Rc4 Rbc8 35.Rxc8 Rxc8 36.Rh8 Qd1+
37.Ka2 Rxc2+ 38.Nb2  0-1

[Event "FSGM April"]
[Site "Budapest HUN"]
[Date "2004.04.09"]
[Round "7"]
[White "Groetz,H"]
[Black "Paschall,W"]
[Result "0-1"]
[WhiteElo "2359"]
[BlackElo "2401"]

1.e4 c5 2.Nf3 Nc6 3.d4 cxd4 4.Nxd4 Qb6 5.Nb3 Nf6 6.Nc3 e6 7.Be3 Qc7 8.f4 Bb4
9.Bd3 d5 10.e5 Ne4 11.Bxe4 dxe4 12.O-O Bxc3 13.bxc3 b6 14.Nd2 Ba6 15.Rf2 O-O-O
16.Qg4 Ne7 17.Nxe4 Nf5 18.Bd4 h5 19.Qh3 Bb7 20.Nd6+ Nxd6 21.exd6 Qxd6 22.Bxg7 Rh7
23.Be5 Qd5 24.c4 Qc5 25.Qc3 Rh6 26.Re1 Rg6 27.Kf1 h4 28.Re3 Qc6 29.g3 Qh1+
30.Ke2 Qd1+  0-1

[Event "6th Open"]
[Site "Dubai UAE"]
[Date "2004.04.19"]
[Round "1"]
[White "El Taher,F"]
[Black "Faisal,Ab"]
[Result "1-0"]
[WhiteElo "2501"]
[BlackElo "2174"]

1.e4 c5 2.Nf3 Nc6 3.d4 cxd4 4.Nxd4 Qb6 5.Nb5 Nf6 6.Be3 Qd8 7.Nd2 d6 8.f3 g6
9.Be2 Bg7 10.c4 O-O 11.O-O Be6 12.Rc1 Nd7 13.f4 f5 14.Nc3 Nc5 15.e5 Nb4 16.Nf3 Ne4
17.Qb3 Na6 18.Nxe4 fxe4 19.Ng5 Qd7 20.Rfd1 h6 21.Nxe6 Qxe6 22.Qxb7 Nc5 23.Qd5 Qxd5
24.Rxd5 Nd3 25.Bxd3 exd3 26.exd6 exd6 27.b3 Rab8 28.Rxd3  1-0

[Event "It"]
[Site "Zalaegerszeg HUN"]
[Date "2004.04.25"]
[Round "2"]
[White "Acs,P"]
[Black "Portisch,L"]
[Result "1-0"]
[WhiteElo "2548"]
[BlackElo "2573"]

1.e4 c5 2.Nf3 Nc6 3.d4 cxd4 4.Nxd4 Qc7 5.Nc3 e6 6.Be3 a6 7.Qd2 Nf6 8.O-O-O Bb4
9.f3 Ne5 10.Nb3 b5 11.Qe1 Rb8 12.Qg3 Be7 13.Kb1 d6 14.f4 Nc4 15.Bd4 b4 16.Na4 O-O
17.Qd3 d5 18.exd5 exd5 19.Be2 Ne4 20.Bf3 f5 21.Nac5 Rb5 22.Rhe1 Rf7 23.Na4 Bd7
24.Bg1 Bf6 25.Bd4 Be7 26.Bg1 h6 27.g3 Bf8 28.Kc1 Rf6 29.Nac5 Bxc5 30.Nxc5 Rxc5
31.Bxc5 Qxc5 32.Bxe4 fxe4 33.Qxd5+ Qxd5 34.Rxd5 Nb6 35.Rd4 b3 36.axb3 Bc6
37.Kd2 Re6 38.c4 Nd7 39.Ke3 Nc5 40.Ra1 Be8 41.Rd8 Kf7 42.b4 Nd3 43.f5 Re7
44.Rxa6 Nxb2 45.Rd4 Rc7 46.c5 Bb5 47.Ra2 Nc4+ 48.Kxe4 Re7+ 49.Kf4 Re1 50.Re4 Rf1+
51.Kg4 Rb1 52.Ra7+ Kf8 53.c6 Rxb4 54.c7 Ne3+ 55.Kf3  1-0

[Event "4th Gold Cup"]
[Site "Szombathely HUN"]
[Date "2004.04.27"]
[Round "9"]
[White "Borosova,Z"]
[Black "Lakos,N"]
[Result "0-1"]
[WhiteElo "2205"]
[BlackElo "2379"]

1.e4 c5 2.Nf3 Nc6 3.d4 cxd4 4.Nxd4 Qc7 5.Nc3 e6 6.Be2 a6 7.O-O Nf6 8.Bg5 Be7
9.Kh1 h6 10.Be3 b5 11.a3 Bb7 12.f4 d6 13.Bf3 Na5 14.Qe2 Rc8 15.Rae1 Nc4 16.Bc1 Qb6
17.e5 Bxf3 18.Nxf3 Nd7 19.exd6 Qxd6 20.Ne5 Ndxe5 21.fxe5 Qc7 22.Rf3 Bc5 23.Rg3 Bd4
24.b3 Nxe5 25.Bb2 Nc6 26.Rd3 Qa7 27.Qe4 Bf6 28.Rf1 Qe7 29.Re3 O-O 30.Ref3 Bd4
31.Nd1 Bxb2 32.Nxb2 Qxa3 33.Nd3 Qe7 34.Nf4 Qb4 35.Qe3 Qd4 36.Qe2 Ne5 37.Rg3 Rc3
38.Rd1 Qc5 39.Rxc3 Qxc3 40.Re1 Rd8 41.h3 Nc6 42.Rf1 Nd4 43.Qh5 Nf5  0-1

[Event "It"]
[Site "Zalaegerszeg HUN"]
[Date "2004.04.27"]
[Round "4"]
[White "Acs,P"]
[Black "Korneev,O"]
[Result "1/2-1/2"]
[WhiteElo "2548"]
[BlackElo "2573"]

1.e4 c5 2.Nf3 Nc6 3.d4 cxd4 4.Nxd4 Qc7 5.Nc3 e6 6.Be3 a6 7.Qd2 Nf6 8.O-O-O Bb4
9.f3 Ne5 10.Nb3 d5 11.Bd4 O-O 12.a3 Bd6 13.Qf2 dxe4 14.Bb6 Qb8 15.Qd4 Bc7
16.Bxc7 Qxc7 17.Nxe4  1/2-1/2

[Event "ch-UKR Women"]
[Site "ALushta UKR"]
[Date "2004.05.06"]
[Round "3"]
[White "Aslanian,L"]
[Black "Alexandrova,O"]
[Result "0-1"]
[WhiteElo "2174"]
[BlackElo "2430"]

1.e4 c5 2.Nf3 Nc6 3.d4 cxd4 4.Nxd4 Qc7 5.Nb5 Qb8 6.Bd3 a6 7.N5c3 b5 8.Be3 e6
9.f4 d6 10.Nd2 Nf6 11.O-O Be7 12.Kh1 Bb7 13.Qe2 O-O 14.Rf3 Qc7 15.Rh3 g6
16.Rf1 Nb4 17.f5 Nxd3 18.cxd3 b4 19.Nd1 exf5 20.exf5 Rfe8 21.fxg6 fxg6 22.Bd4 Bf8
23.Re3 Rxe3 24.Nxe3 Nd5 25.Ne4 Bg7 26.Bxg7 Kxg7 27.Nc4 Qe7 28.Ncxd6 Rf8 29.Rxf8 Kxf8
30.Qf2+ Kg8 31.Nxb7 Qxb7 32.Qd4 Ne7 33.Nf6+ Kf7 34.Nxh7 Qb5 35.Qc4+ Qxc4
36.dxc4 Ke6 37.Kg1 Ke5 38.Kf2 Kd4 39.Ke2 Kxc4 40.g4 Nd5 41.h4 b3 42.a3 Nf4+
43.Kd2 Nd3 44.Nf8 Nxb2 45.Nxg6 Kd4 46.h5 Nc4+ 47.Kc1 Kc3  0-1

[Event "FSGM May"]
[Site "Budapest HUN"]
[Date "2004.05.06"]
[Round "6"]
[White "Wittmann,W"]
[Black "Jakobsen,O"]
[Result "1/2-1/2"]
[WhiteElo "2339"]
[BlackElo "2391"]

1.e4 c5 2.Nf3 Nc6 3.d4 cxd4 4.Nxd4 Qc7 5.Nc3 e6 6.g3 a6 7.Bg2 Nf6 8.O-O d6
9.Re1 Nd7 10.Nxc6 bxc6 11.Na4 Bb7 12.c4 c5 13.b3 Be7 14.Bb2 O-O 15.Qd2 Bc6
16.Nc3 Rfe8 17.Rad1 Bf8 18.f4 Rad8 19.Re3 Nb8 20.Rd3 Be7 21.g4 Bb7 22.g5 Nc6
23.Ne2 e5 24.f5 Bf8 25.Rh3 g6 26.Qe1 Qe7 27.Qh4 h6 28.f6 Qc7 29.gxh6 Kh7
30.Rg3 Nd4 31.Nc3 Ne6 32.Bc1 Nf4 33.Bf3 Qa5 34.Bg4 Bc8 35.Bxc8 Rxc8 36.Rf1 Re6
37.Rf2 Rce8 38.Rgf3 Qd8 39.Bxf4 exf4 40.Qxf4 Re5 41.Rh3 Qa5 42.Kg2 R8e6 43.Re2 Qd8
44.Rf2 Qa5 45.Re2 Qd8 46.Rf2  1/2-1/2

[Event "FSIM May"]
[Site "Budapest HUN"]
[Date "2004.05.06"]
[Round "6"]
[White "Dencsi,T"]
[Black "Berczes,C"]
[Result "1/2-1/2"]
[WhiteElo "2229"]
[BlackElo "2340"]

1.e4 c5 2.Nf3 Nc6 3.d4 cxd4 4.Nxd4 Qc7 5.Nc3 e6 6.Be2 a6 7.O-O Nf6 8.Kh1 Bb4
9.Nxc6 dxc6 10.f4 O-O 11.e5 Nd5 12.Ne4 f5 13.exf6 Nxf6 14.Nxf6+ Rxf6 15.Bd3 Bd7
16.Be3 Bd6 17.Be4 Be8 18.Qd3 Bg6 19.Bxg6 hxg6 20.g3  1/2-1/2

[Event "7th United Insurance"]
[Site "Dhaka BAN"]
[Date "2004.05.07"]
[Round "1"]
[White "Abu Sufian,S"]
[Black "Hamid,R"]
[Result "1-0"]
[WhiteElo "2325"]
[BlackElo "2179"]

1.e4 c5 2.Nf3 Nc6 3.d4 cxd4 4.Nxd4 Qc7 5.Nb5 Qb8 6.Bd3 e6 7.Be3 Nf6 8.f4 d6
9.O-O Be7 10.Nd2 h5 11.h3 Bd7 12.c4 Nb4 13.Be2 Bc6 14.a3 Na6 15.Nc3 b6 16.Bf3 e5
17.Nd5 Nc5 18.f5 h4 19.b4 Ncd7 20.Nb3 Nxd5 21.cxd5 Ba4 22.Qd3 Qb7 23.Rfc1 O-O
24.Nd2 a6 25.Rc3 Rfc8 26.Rac1 Bd8 27.Nc4 Qb8 28.Nb2 Rxc3 29.Qxc3 b5 30.Nxa4 bxa4
31.Qc6 Bb6 32.Bxb6 Nxb6 33.Bd1 Qd8 34.Qc7 Qg5 35.Bh5 g6 36.fxg6 fxg6 37.Bg4 Rf8
38.Rd1 Qe3+ 39.Kh1 Na8 40.Qxd6 Qxe4 41.Be6+  1-0

[Event "Capablanca Mem Premier I"]
[Site "Havana CUB"]
[Date "2004.05.10"]
[Round "5"]
[White "Lopez Martinez,J"]
[Black "Hernandez,Hol"]
[Result "1/2-1/2"]
[WhiteElo "2440"]
[BlackElo "2426"]

1.e4 c5 2.Nf3 Nc6 3.d4 cxd4 4.Nxd4 Qc7 5.Nb5 Qb8 6.c4 Nf6 7.N5c3 e6 8.Be2 Bc5
9.O-O h5 10.g3 h4 11.Bf4 d6 12.gxh4 Rxh4 13.Bg3 Rh8 14.Nd2 e5 15.Nb3 b6 16.Qd3 Bb7
17.Bf3 Nh5 18.Bxh5 Rxh5 19.Nb5 Rh6 20.Rad1 Ke7 21.Nxc5 bxc5 22.f4 Nd4 23.fxe5 dxe5
24.Nxd4 cxd4 25.Qa3+ Qd6 26.Qxd6+ Rxd6 27.Bxe5 Re6 28.Bxd4 Rxe4 29.Rfe1 Rc8
30.b3 a6 31.Kf2 g5 32.Bc3 f5 33.Bb4+ Ke6 34.Rd6+ Ke5 35.Rb6 Rxe1 36.Kxe1 Be4
37.Rxa6 Kf4 38.Bd2+ Kg4 39.Rg6 f4 40.h3+ Kf5 41.Ra6 Rh8 42.Rf6+ Kxf6 43.Bc3+ Ke6
44.Bxh8 Bg2 45.a4 Bxh3 46.a5 Kd6 47.Bf6 Bf5 48.a6 Kc7 49.Kd2 f3 50.Bd4 g4
51.Ke3 Bc8 52.a7 Kb7 53.Kf4 Bf5 54.Bf2 Bc2 55.b4 Bb3 56.c5 Ba4 57.Ke5 g3
58.Bxg3 Kxa7  1/2-1/2

[Event "7th United Insurance"]
[Site "Dhaka BAN"]
[Date "2004.05.11"]
[Round "6"]
[White "Grower,S"]
[Black "Hamid,R"]
[Result "0-1"]
[WhiteElo "1957"]
[BlackElo "2179"]

1.e4 c5 2.Nf3 Nc6 3.d4 cxd4 4.Nxd4 Qc7 5.Nc3 e6 6.Be3 a6 7.Qd2 Nf6 8.O-O-O Bb4
9.f3 d5 10.Nxc6 bxc6 11.exd5 cxd5 12.Bd4 O-O 13.Re1 Bd6 14.Bd3 e5 15.Bf2 Rb8
16.Nd1 Be6 17.Bg3 Nh5 18.Qg5 Nf4 19.Bxf4 exf4 20.Qh4 g6 21.Qf6 Bc5 22.h4 Rb6
23.Qe5 Bd6 24.Qd4 Bc5 25.Qe5 Bd6 26.Qd4 Rc8 27.h5 Bc5 28.Qe5 Be3+ 29.Rxe3 fxe3
30.Qxe3 d4 31.Qxd4 Rd6 32.Qc3 Qd8  0-1

[Event "7th United Insurance"]
[Site "Dhaka BAN"]
[Date "2004.05.12"]
[Round "7"]
[White "Monir,A"]
[Black "Hamid,R"]
[Result "1-0"]
[WhiteElo "2163"]
[BlackElo "2179"]

1.e4 c5 2.Nf3 Nc6 3.d4 cxd4 4.Nxd4 Qc7 5.Nc3 e6 6.a3 Nf6 7.Be3 a6 8.f4 d6
9.Be2 Be7 10.Qd2 Bd7 11.g4 Nxd4 12.Bxd4 Bc6 13.Bf3 e5 14.Be3 exf4 15.Bxf4 Nd7
16.O-O-O Ne5 17.Be2 Rc8 18.h4 b5 19.g5 Qb7 20.Nd5 Bxd5 21.exd5 Nc4 22.Qd4 O-O
23.Bd3 Rc5 24.Rhe1 f5 25.Re2 Bd8 26.Bxd6 Nxd6 27.Qxc5 Qb8 28.Re6 Ne4 29.Bxe4 Qf4+
30.Kb1 fxe4 31.d6 Rf5 32.Qc8 Rf8 33.Qc5 Rf5 34.Qd4 Qf3 35.Re8+ Rf8 36.Rxe4 Bb6
37.Qd5+ Kh8 38.d7  1-0

[Event "Capablanca Mem Premier I"]
[Site "Havana CUB"]
[Date "2004.05.15"]
[Round "9"]
[White "Perez,Lu"]
[Black "Hernandez,Hol"]
[Result "0-1"]
[WhiteElo "2438"]
[BlackElo "2426"]

1.e4 c5 2.Nf3 Nc6 3.d4 cxd4 4.Nxd4 Qc7 5.Nb5 Qb8 6.Bd3 a6 7.N5c3 b5 8.O-O e6
9.Be3 Nf6 10.f4 d6 11.Nd2 Be7 12.Qf3 Bb7 13.Qh3 Qc7 14.Rae1 Nb4 15.Nf3 d5
16.e5 Ne4 17.f5 exf5 18.Nd4 g6 19.e6 fxe6 20.Nxe6 Qe5 21.Bxb5+ axb5 22.Nxb5 Rc8
23.Nbd4 Nxc2 24.Bf4 Qf6 25.Rxe4 dxe4 26.Bg5 Qf7 27.Bxe7 Nxd4  0-1

[Event "TCh-SCG"]
[Site "Petrovac SCG"]
[Date "2004.05.17"]
[Round "2"]
[White "Simic,Dragi"]
[Black "Knezevic,B"]
[Result "0-1"]
[WhiteElo "2322"]
[BlackElo "2399"]

1.e4 c5 2.Nf3 Nc6 3.d4 cxd4 4.Nxd4 Qb6 5.Nb3 Nf6 6.Nc3 e6 7.Qe2 Bb4 8.Bd2 d6
9.a3 Bxc3 10.Bxc3 e5 11.O-O-O Qc7 12.Kb1 Be6 13.f3 O-O 14.Be1 Rfc8 15.Bf2 a5
16.Rd2 a4 17.Nc1 b5 18.c3 b4 19.cxb4 Nxb4  0-1